000 00725nas a2200241 4500
001 BR7800993
003 BR-BrBNA
005 20231205083339.0
007 ta
008 230509b bl.|||p| |||| 00| 00por d
040 _aBR-BrBNA
_bpor
_cBiblioteca Nacional de Agricultura
041 _a(Pt)
072 _aH60
100 1 _aStrehl, T.
245 1 _aA seletividade do herbicida Propanil nas lavouras de arroz [Oryza sativa, Rio Grande do Sul]
650 _aERVA DANINHA
650 _aARROZ
650 _aHERBICIDA
650 _aRIO GRANDE DO SUL
773 0 _tLavoura Arrozeira (Brazil)
_xISSN 0023-9143
_g(Mar 1978), v. 31(305) p. 19-20
_wBR7800993
909 _a202311
_bLúcia
_c55
_dLúcia Elande
942 _2AGRIS
_n0
_cANA
999 _c98150
_d98150